[Event "Mondiale Lampo FIDE 2019"]
[Site "Mosca"]
[Date "29.12.2019"]
[Round "3.17"]
[White "Jumabayev, Rinat"]
[Black "Vidit, Santosh Gujrathi"]
[Result "0-1"]
[WhiteTitle "GM"]
[BlackTitle "GM"]
[WhiteElo "2646"]
[BlackElo "2721"]
[WhiteFideId "13702661"]
[BlackFideId "5029465"]
[EventDate "2019.12.29"]

1. d4 Nf6 2. Bf4 d5 3. e3 e6 4. Nf3 Bd6 5. Bg3 c5 6. c3 Qc7 7. Nbd2 Nbd7 8. Rc1
O-O 9. c4 b6 10. cxd5 exd5 11. Bb5 Bb7 12. O-O Rac8 13. dxc5 bxc5 14. Qa4 Bxg3
15. hxg3 Nb6 16. Qa3 c4 17. Ba4 Nxa4 18. Qxa4 Qb6 19. Qa3 Rc5 20. Qc3 Ra5 21. a3
h6 22. Nd4 Rc8 23. Rc2 Rac5 24. Rfc1 Qd8 25. b4 cxb3 26. Qxb3 Rxc2 27. Rxc2 Rxc2
28. Qxc2 Qb6 29. Qb3 Qxb3 30. N2xb3 Ne4 31. g4 Kf8 32. f3 Nd6 33. Na5 Bc8 34.
Kf2 a6 35. Ke2 Bd7 36. Kd3 g6 37. Nb7 Nxb7 0-1

[Event "Mondiale Lampo FIDE 2019"]
[Site "Mosca"]
[Date "29.12.2019"]
[Round "3.18"]
[White "Grischuk, Alexander"]
[Black "Yuffa, Daniil"]
[Result "1-0"]
[WhiteTitle "GM"]
[BlackTitle "GM"]
[WhiteElo "2777"]
[BlackElo "2566"]
[WhiteFideId "4126025"]
[BlackFideId "24131423"]
[EventDate "2019.12.29"]

1. d4 Nf6 2. c4 e6 3. Nf3 Bb4+ 4. Nbd2 O-O 5. a3 Be7 6. e4 d6 7. Be2 c5 8. d5
exd5 9. cxd5 Bg4 10. Qc2 Re8 11. O-O Nbd7 12. Re1 Bf8 13. b3 g6 14. Bb2 Bg7 15.
h3 Bxf3 16. Bxf3 b5 17. a4 a6 18. Be2 Rb8 19. axb5 axb5 20. Ra6 Rb6 21. Ra5 Qb8
22. Rea1 c4 23. bxc4 b4 24. Bd4 Nc5 25. Bxc5 dxc5 26. Rb1 Nd7 27. Bd3 Qf4 28. g3
Qc7 29. Kg2 h5 30. h4 Ne5 31. Nb3 Bf8 32. Be2 Rbb8 33. f4 Nd7 34. Bf3 f6 35. e5
fxe5 36. Qxg6+ Bg7 37. d6 Qd8 38. Bd5+ 1-0

[Event "Mondiale Lampo FIDE 2019"]
[Site "Mosca"]
[Date "29.12.2019"]
[Round "3.19"]
[White "Jobava, Baadur"]
[Black "Castellanos Rodriguez, Renier"]
[Result "1/2-1/2"]
[WhiteTitle "GM"]
[BlackTitle "IM"]
[WhiteElo "2604"]
[BlackElo "2474"]
[WhiteFideId "13601520"]
[BlackFideId "3404650"]
[EventDate "2019.12.29"]

1. d4 Nf6 2. Bg5 e6 3. e4 h6 4. Bxf6 Qxf6 5. c3 d6 6. Bc4 g6 7. Ne2 Bg7 8. O-O
O-O 9. f4 Qe7 10. Nd2 e5 11. f5 Kh7 12. Kh1 Nd7 13. Bd3 Nf6 14. h3 h5 15. Nf3
Bh6 16. Bc2 Bd7 17. Qe1 Rae8 18. dxe5 dxe5 19. Qh4 Bb5 20. Rae1 Kg7 21. b3 Bc6
22. c4 Nxe4 23. Qxe7 Rxe7 24. Bxe4 Bxe4 25. f6+ Kxf6 26. Nc3 Bxf3 27. Nd5+ Ke6
28. Rxf3 f6 29. Nxe7 Kxe7 30. Rd3 Rf7 31. Red1 Ke6 32. Rd8 Be3 33. Re8+ Kf5 34.
g3 Ke4 35. Kg2 f5 36. Re1 g5 37. Rh8 f4 38. Rxh5 Kd3 39. Kf1 fxg3+ 40. Kg2 Bf4
41. Rh8 Kd2 42. Re4 Kd3 43. Re1 Kd2 44. Re4 Kd3 45. Re1 Kd2 1/2-1/2

[Event "Mondiale Lampo FIDE 2019"]
[Site "Mosca"]
[Date "29.12.2019"]
[Round "3.20"]
[White "Sakaev, Konstantin"]
[Black "Morozevich, Alexander"]
[Result "1-0"]
[WhiteTitle "GM"]
[BlackTitle "GM"]
[WhiteElo "2596"]
[BlackElo "2659"]
[WhiteFideId "4104226"]
[BlackFideId "4116992"]
[EventDate "2019.12.29"]

1. d4 e6 2. c4 b6 3. Nf3 Bb7 4. g3 Bb4+ 5. Bd2 Bxf3 6. exf3 Bxd2+ 7. Qxd2 Ne7 8.
Nc3 O-O 9. Bg2 d5 10. cxd5 exd5 11. f4 c6 12. O-O Nd7 13. Rfe1 Nf6 14. Re2 Re8
15. Rae1 Qd7 16. Qd3 Ng6 17. h3 h5 18. f5 Rxe2 19. Rxe2 Ne7 20. Re5 Re8 21. Bf3
Qd6 22. g4 hxg4 23. hxg4 Kf8 24. Kg2 b5 25. Ne2 Nd7 26. Re3 Nc8 27. Qd2 Rxe3 28.
Qxe3 Ncb6 29. b3 b4 30. Nf4 Qe7 31. Nd3 a5 32. Qf4 Qf6 33. Qc7 Kg8 34. Ne5 Qe7
35. Nxc6 Qg5 36. Ne5 Qe7 37. Nxd7 Nxd7 38. Bxd5 Qg5 39. Qxd7 Qxg4+ 40. Kh2 Qh5+
41. Kg3 Qg5+ 42. Kf3 Qh5+ 43. Ke3 Qg5+ 44. Kd3 Kh7 45. Qxf7 1-0

[Event "Mondiale Lampo FIDE 2019"]
[Site "Mosca"]
[Date "29.12.2019"]
[Round "3.21"]
[White "Mamedyarov, Shakhriyar"]
[Black "Alekseenko, Kirill"]
[Result "1-0"]
[WhiteTitle "GM"]
[BlackTitle "GM"]
[WhiteElo "2772"]
[BlackElo "2704"]
[WhiteFideId "13401319"]
[BlackFideId "4135539"]
[EventDate "2019.12.29"]

1. d4 d5 2. c4 dxc4 3. Nf3 a6 4. a4 Nf6 5. Nc3 Nc6 6. a5 Bg4 7. d5 Bxf3 8. gxf3
Ne5 9. f4 Ned7 10. e4 g6 11. Bxc4 Bh6 12. Be3 O-O 13. h4 Nh5 14. Qd2 c6 15. Be2
Ndf6 16. Rg1 cxd5 17. e5 d4 18. Qxd4 Qxd4 19. Bxd4 Nxf4 20. exf6 exf6 21. Bxf6
Rfe8 22. Kf1 Re6 23. Bg5 Nxe2 24. Nxe2 Bg7 25. Rg3 h6 26. Bd2 h5 27. Bc3 Re4 28.
Rd1 Rxh4 29. Rd7 Bxc3 30. Nxc3 Rb4 31. Re3 Rxb2 32. Ree7 Rc8 33. Ne4 Rf8 34. Ng5
Rb1+ 35. Kg2 Kg7 36. Ne6+ 1-0

[Event "Mondiale Lampo FIDE 2019"]
[Site "Mosca"]
[Date "29.12.2019"]
[Round "3.22"]
[White "Aronian, Levon"]
[Black "Inarkiev, Ernesto"]
[Result "1-0"]
[WhiteTitle "GM"]
[BlackTitle "GM"]
[WhiteElo "2775"]
[BlackElo "2663"]
[WhiteFideId "13300474"]
[BlackFideId "4162722"]
[EventDate "2019.12.29"]

1. d4 d5 2. Nf3 Nf6 3. Bf4 c5 4. e3 Nc6 5. Nbd2 cxd4 6. exd4 Bf5 7. Bb5 e6 8.
Ne5 Qb6 9. c4 dxc4 10. Bxc6+ bxc6 11. Ndxc4 Qa6 12. Qe2 Bb4+ 13. Bd2 Bxd2+ 14.
Nxd2 Qb5 15. Nb3 O-O 16. Rc1 Rfc8 17. Rxc6 Qa4 18. Rxc8+ Rxc8 19. O-O Qxa2 20.
Nc5 Qd5 21. Qa6 Rf8 22. Nc6 Kh8 23. b4 Ne4 24. Rc1 Ng5 25. h4 Nh3+ 26. Kf1 Nf4
27. f3 Bh3 28. gxh3 Qxf3+ 29. Ke1 Qe3+ 30. Kd1 Qxh3 31. Kc2 Qxh4 32. Kb1 Qf2 33.
Rc2 Qg1+ 34. Ka2 h5 35. Qxa7 Qg3 36. b5 Nd5 37. b6 Qd6 38. Nd3 Qg3 39. Nde5 f6
40. b7 fxe5 41. b8=Q Rxb8 42. Qxb8+ Kh7 43. Qxe5 Qf3 44. Qxe6 Nc3+ 45. Rxc3 Qxc3
46. Qf5+ Kh6 47. d5 h4 48. Ne5 Qd2+ 49. Ka3 Qe3+ 50. Kb2 Qd2+ 51. Ka3 Qe3+ 52.
Kb4 Qd4+ 53. Ka3 Qe3+ 54. Ka2 Qd2+ 55. Kb1 Qd1+ 56. Kb2 Qd2+ 57. Ka3 Qe3+ 58.
Kb4 Qd4+ 59. Nc4 g5 60. d6 g4 61. d7 h3 62. Qf8+ 1-0

[Event "Mondiale Lampo FIDE 2019"]
[Site "Mosca"]
[Date "29.12.2019"]
[Round "3.23"]
[White "Hansen, Eric"]
[Black "Ponkratov, Pavel"]
[Result "0-1"]
[WhiteTitle "GM"]
[BlackTitle "GM"]
[WhiteElo "2606"]
[BlackElo "2632"]
[WhiteFideId "2606771"]
[BlackFideId "4157800"]
[EventDate "2019.12.29"]

1. e4 e5 2. Nf3 Nc6 3. Bb5 f5 4. d3 d6 5. exf5 a6 6. Bxc6+ bxc6 7. d4 e4 8. Nfd2
Bxf5 9. Nc3 Nf6 10. f3 exf3 11. O-O Bg4 12. h3 f2+ 0-1

[Event "Mondiale Lampo FIDE 2019"]
[Site "Mosca"]
[Date "29.12.2019"]
[Round "3.24"]
[White "Gareyev, Timur"]
[Black "Vallejo Pons, Francisco"]
[Result "1-0"]
[WhiteTitle "GM"]
[BlackTitle "GM"]
[WhiteElo "2598"]
[BlackElo "2704"]
[WhiteFideId "14200937"]
[BlackFideId "2205530"]
[EventDate "2019.12.29"]

1. c4 e6 2. Nf3 d5 3. g3 dxc4 4. Qa4+ c6 5. Qxc4 b5 6. Qb3 Bb7 7. Bg2 a6 8. a4
Nd7 9. Nc3 Ngf6 10. O-O Be7 11. d3 O-O 12. Bf4 h6 13. Rfd1 Qb6 14. Be3 Qc7 15.
Bf4 Qb6 16. Be3 Qc7 17. Rac1 Qb8 18. Nd4 Rc8 19. Nxe6 fxe6 20. Qxe6+ Kf8 21. Bf4
Qa7 22. Ne4 Nxe4 23. dxe4 Nf6 24. e5 Nd5 25. Be4 Nc7 26. Qf5+ Ke8 27. Qg6+ Kf8
28. Bxh6 gxh6 29. Qxh6+ Kf7 30. Qh7+ Kf8 31. Bg6 1-0

[Event "Mondiale Lampo FIDE 2019"]
[Site "Mosca"]
[Date "29.12.2019"]
[Round "3.25"]
[White "Kovalev, Vladislav"]
[Black "Motylev, Alexander"]
[Result "1/2-1/2"]
[WhiteTitle "GM"]
[BlackTitle "GM"]
[WhiteElo "2662"]
[BlackElo "2640"]
[WhiteFideId "13504398"]
[BlackFideId "4121830"]
[EventDate "2019.12.29"]

1. e4 e5 2. Nf3 Nc6 3. Bb5 a6 4. Ba4 g6 5. O-O Bg7 6. c3 b5 7. Bc2 d6 8. h3 Nf6
9. Re1 O-O 10. a4 Bb7 11. d3 b4 12. a5 d5 13. Qe2 Qd6 14. Be3 bxc3 15. bxc3 d4
16. cxd4 exd4 17. Bc1 Qc5 18. Ba3 Qxa5 19. Nbd2 Rfe8 20. Reb1 Rab8 21. Nb3 Qh5
22. Nc5 Ba8 23. Bb3 Rb5 24. Nxa6 Rc8 25. Bc4 Rxb1+ 26. Rxb1 Nd7 27. g4 Qa5 28.
Qa2 Nce5 29. Nxe5 Nxe5 30. Bc5 Qxa2 31. Bxa2 Nxd3 32. f3 Nxc5 33. Nxc5 Bc6 34.
Bc4 Ra8 35. Na6 Be5 36. Kf2 Kf8 37. Ke2 h5 38. Kd3 Ke7 39. Rb2 hxg4 40. hxg4 Rh8
41. Nb8 Be8 42. Bd5 Rh3 43. Rf2 Kd6 44. Bc4 c6 45. Na6 f6 46. Nb4 Bd7 47. Kc2 f5
48. gxf5 gxf5 49. Nd3 Bg3 50. Re2 Rh2 51. Rxh2 Bxh2 52. Kd2 Bg3 53. Ke2 fxe4 54.
fxe4 Bg4+ 55. Kd2 Bh4 56. e5+ Ke7 57. Kc2 Bf5 58. Kb3 Bg5 59. Kb4 Kd7 60. Nc5+
Ke7 61. Nd3 Kd7 62. Nc5+ Ke7 1/2-1/2

[Event "Mondiale Lampo FIDE 2019"]
[Site "Mosca"]
[Date "29.12.2019"]
[Round "3.26"]
[White "Smirin, Ilia"]
[Black "Ruck, Robert"]
[Result "1/2-1/2"]
[WhiteTitle "GM"]
[BlackTitle "GM"]
[WhiteElo "2607"]
[BlackElo "2530"]
[WhiteFideId "2801990"]
[BlackFideId "705713"]
[EventDate "2019.12.29"]

1. e4 c6 2. d4 d5 3. exd5 cxd5 4. Nf3 Nc6 5. Bb5 Bg4 6. c4 Nf6 7. cxd5 Nxd5 8.
O-O Rc8 9. h3 Bxf3 10. Qxf3 e6 11. Nc3 Be7 12. Nxd5 Qxd5 13. Qxd5 exd5 14. Re1
f6 15. Be3 Kf7 16. Rac1 Rhd8 17. a3 1/2-1/2

[Event "Mondiale Lampo FIDE 2019"]
[Site "Mosca"]
[Date "29.12.2019"]
[Round "3.27"]
[White "Fridman, Daniel"]
[Black "Iljiushenok, Ilia"]
[Result "1/2-1/2"]
[WhiteTitle "GM"]
[BlackTitle "GM"]
[WhiteElo "2616"]
[BlackElo "2521"]
[WhiteFideId "11600454"]
[BlackFideId "24105074"]
[EventDate "2019.12.29"]

1. d4 Nf6 2. Nf3 g6 3. g3 Bg7 4. Bg2 O-O 5. O-O d6 6. c4 Nc6 7. Nc3 a6 8. b3 Rb8
9. d5 Na5 10. Bg5 c5 11. dxc6 Nxc6 12. Qd2 Bd7 13. Bh6 b5 14. cxb5 axb5 15. Bxg7
Kxg7 16. Qb2 Kg8 17. e4 Bg4 18. Nd5 e5 19. Nxf6+ Qxf6 20. Ne1 Nd4 21. f3 Be6 22.
f4 Rbc8 23. fxe5 Qxe5 24. Nd3 Qg7 25. Rac1 Bg4 26. Kh1 Be2 27. Rxc8 Rxc8 28. Rc1
Rxc1+ 29. Nxc1 Bg4 30. Nd3 g5 31. a4 bxa4 32. bxa4 Qf6 33. e5 dxe5 34. Qb8+ Kg7
35. Qxe5 Be2 36. Be4 Qxe5 37. Nxe5 f5 38. Bd3 Kf6 39. Bxe2 Kxe5 40. Bd3 Kd6 41.
Kg2 h5 42. Kf2 Kc5 43. a5 f4 44. gxf4 gxf4 45. Kg2 Kc6 46. Kh3 Kc5 47. Kg2 Kc6
48. Kf2 Kc5 49. h3 h4 50. Ke1 Kc6 51. Kd2 Kc5 52. Kc3 Nc6 53. a6 Kb6 54. Bf1 Ne5
55. Kd4 Nf3+ 56. Ke4 Ng5+ 57. Kxf4 Nxh3+ 58. Bxh3 Kxa6 59. Kg4 Kb6 60. Kxh4 1/2-1/2

[Event "Mondiale Lampo FIDE 2019"]
[Site "Mosca"]
[Date "29.12.2019"]
[Round "3.28"]
[White "Gundavaa, Bayarsaikhan"]
[Black "Alekseev, Evgeny"]
[Result "1/2-1/2"]
[WhiteTitle "GM"]
[BlackTitle "GM"]
[WhiteElo "2489"]
[BlackElo "2620"]
[WhiteFideId "4901045"]
[BlackFideId "4138147"]
[EventDate "2019.12.29"]

1. c4 g6 2. Nc3 Bg7 3. g3 Nf6 4. Bg2 O-O 5. d3 d6 6. Bd2 Nc6 7. Qc1 e5 8. Bh6
Bxh6 9. Qxh6 Nd4 10. Qd2 c6 11. e3 Ne6 12. Nf3 a5 13. O-O Re8 14. b3 Qe7 15.
Rfe1 Nc5 16. d4 Nce4 17. Nxe4 Nxe4 18. Qb2 Nf6 19. c5 e4 20. cxd6 Qxd6 21. Ne5
Be6 22. a3 Bd5 23. b4 axb4 24. axb4 Nd7 25. Nxd7 Qxd7 26. Bf1 b5 27. Ra5 h5 28.
h4 Rac8 29. Rea1 Kh7 30. Qc3 Qe7 31. Ra7 Qd6 32. Qc5 Qxc5 33. dxc5 Kg7 34. Bh3
Rcd8 35. Rc7 Ra8 36. Raa7 Rxa7 37. Rxa7 Kf6 38. Rc7 Re7 39. Rxe7 Kxe7 40. Kf1
Kf6 41. Ke2 Be6 1/2-1/2

[Event "Mondiale Lampo FIDE 2019"]
[Site "Mosca"]
[Date "29.12.2019"]
[Round "3.29"]
[White "Batchuluun, Tsegmed"]
[Black "Adhiban, Baskaran"]
[Result "1/2-1/2"]
[WhiteTitle "GM"]
[BlackTitle "GM"]
[WhiteElo "2530"]
[BlackElo "2654"]
[WhiteFideId "4900847"]
[BlackFideId "5018471"]
[EventDate "2019.12.29"]

1. e4 e6 2. d4 d5 3. Nc3 Nf6 4. exd5 exd5 5. Bd3 Be7 6. Nge2 O-O 7. O-O c6 8.
Bf4 Bd6 9. Qd2 Bg4 10. Bxd6 Qxd6 11. Ng3 Re8 12. h3 Be6 13. Rae1 Nbd7 14. Re2
Nf8 15. Rfe1 Rad8 16. Re3 Bc8 17. Rxe8 Rxe8 18. Rxe8 Nxe8 19. Nce2 b6 20. c3 Nf6
21. Qf4 Qxf4 22. Nxf4 Ne6 23. Nfe2 g6 24. h4 Nc7 25. f3 Ba6 26. Nf4 Bxd3 27.
Nxd3 Nd7 28. Ne2 f6 29. g4 Kf7 30. Kf2 Nf8 31. Nb4 c5 32. dxc5 bxc5 33. Nd3 Nfe6
34. Ke3 Ke7 35. f4 Kd6 36. Ng3 Ng7 37. b3 a5 38. c4 d4+ 39. Kf3 f5 40. g5 Na6
41. a3 Nb8 42. Ke2 Nc6 43. Kf3 Nd8 44. Ke2 Nc6 45. Kf3 Nd8 46. Ke2 Nc6 1/2-1/2

[Event "Mondiale Lampo FIDE 2019"]
[Site "Mosca"]
[Date "29.12.2019"]
[Round "3.30"]
[White "Ivanisevic, Ivan"]
[Black "Novikov, Stanislav"]
[Result "1/2-1/2"]
[WhiteTitle "GM"]
[BlackTitle "GM"]
[WhiteElo "2593"]
[BlackElo "2531"]
[WhiteFideId "912417"]
[BlackFideId "4125371"]
[EventDate "2019.12.29"]

1. d4 Nf6 2. c4 e6 3. Nc3 d5 4. cxd5 exd5 5. Bg5 c6 6. Qc2 Nbd7 7. e3 Bd6 8. Bd3
Nf8 9. Bh4 Ng6 10. Bg3 O-O 11. Nf3 Re8 12. O-O Bg4 13. Nd2 Bxg3 14. hxg3 Qd6 15.
Rfe1 Nf8 16. Nf1 Bd7 17. Rad1 g6 18. f3 Ne6 19. g4 Kg7 20. Qf2 h5 21. gxh5 Nxh5
22. Bc2 Rh8 23. e4 Nhf4 24. e5 Qe7 25. Qg3 Rh5 26. Ne3 Rah8 27. Nf5+ Rxf5 28.
Bxf5 Rh4 29. Bxe6 Bxe6 30. Ne2 Nh5 31. Qf2 Qg5 32. Rd3 Bf5 33. Rb3 b6 34. Rc3
Bd7 35. Rf1 Kg8 36. Qe3 Qd8 37. f4 Ng7 38. Qf2 Nf5 39. Rh3 Rxh3 40. gxh3 Qe7 41.
Kh2 c5 42. Rg1 c4 43. Ng3 b5 44. Nh5 Kf8 45. Nf6 Be6 46. a3 a5 47. Qd2 b4 48.
axb4 Qxb4 49. Qc3 Qa4 50. Rc1 Ke7 51. Kg2 Kf8 52. Kh2 Ke7 53. Kg2 Kf8 54. Nh7+
Ke7 55. Ng5 Bd7 56. Re1 Be6 57. Kf2 Kd7 58. Rh1 Kc6 59. Rg1 Kd7 60. Rh1 Ke7 61.
h4 Qb5 62. Qa3+ Kd7 63. h5 gxh5 64. Rxh5 Qb6 65. Nf3 Nxd4 66. Nxd4 Qxd4+ 67. Kg2
Qe4+ 68. Kg3 Qe1+ 69. Kg2 Qe2+ 70. Kg3 Qxh5 71. Qd6+ Kc8 72. Qc6+ Kd8 73. Qb6+
Ke7 74. Qd6+ Ke8 75. Qb8+ Kd7 76. Qd6+ Kc8 77. Qc6+ Kb8 78. Qb6+ 1/2-1/2

[Event "Mondiale Lampo FIDE 2019"]
[Site "Mosca"]
[Date "29.12.2019"]
[Round "3.31"]
[White "Salgado Lopez, Ivan"]
[Black "Xu, Yinglun"]
[Result "0-1"]
[WhiteTitle "GM"]
[BlackTitle "GM"]
[WhiteElo "2605"]
[BlackElo "2555"]
[WhiteFideId "2257327"]
[BlackFideId "8604940"]
[EventDate "2019.12.29"]

1. d4 Nf6 2. c4 g6 3. Nc3 Bg7 4. e4 O-O 5. Be3 d6 6. f3 c5 7. dxc5 dxc5 8. Qxd8
Rxd8 9. Bxc5 Nc6 10. Nge2 b6 11. Ba3 Bb7 12. Nd5 e6 13. Ne7+ Nxe7 14. Bxe7 Rd7
15. Ba3 Rad8 16. Nc3 Nh5 17. g3 f5 18. Be2 Nf6 19. exf5 gxf5 20. Kf2 Ng4+ 21.
fxg4 Bd4+ 22. Kf1 Bxh1 23. gxf5 Rf7 24. g4 exf5 25. g5 f4 26. Bg4 f3 27. Bh3
Bxc3 28. bxc3 Rd2 29. Be6 Bg2+ 30. Ke1 Re2+ 0-1

[Event "Mondiale Lampo FIDE 2019"]
[Site "Mosca"]
[Date "29.12.2019"]
[Round "3.32"]
[White "Safarli, Eltaj"]
[Black "Ismagambetov, Anuar"]
[Result "1-0"]
[WhiteTitle "GM"]
[BlackTitle "GM"]
[WhiteElo "2601"]
[BlackElo "2528"]
[WhiteFideId "13402129"]
[BlackFideId "13701525"]
[EventDate "2019.12.29"]

1. e4 c5 2. Nc3 Nc6 3. Bb5 Nd4 4. Nf3 a6 5. Bd3 Nc6 6. O-O g6 7. e5 Bg7 8. Re1
Nh6 9. Be4 O-O 10. d3 d6 11. Bxc6 bxc6 12. h3 Nf5 13. Bf4 h6 14. Qd2 Kh7 15. Ne4
Qb6 16. c3 d5 17. Ng3 Nxg3 18. fxg3 c4+ 19. d4 Bf5 20. Rf1 Bd3 21. Rf2 Be4 22.
g4 a5 23. Kh2 a4 24. a3 c5 25. Re1 Bxf3 26. Rxf3 cxd4 27. cxd4 e6 28. h4 Rab8
29. Re2 Rb7 30. h5 g5 31. Be3 Qd8 32. Qc2+ Kg8 33. Qxa4 Qe7 34. Ref2 Qd7 35. Qc2
Qc6 36. Bd2 Rfb8 37. Bb4 Qb6 38. Bc3 Qc7 39. a4 Qd8 40. a5 Rb3 41. Rxf7 1-0

[Event "Mondiale Lampo FIDE 2019"]
[Site "Mosca"]
[Date "29.12.2019"]
[Round "3.33"]
[White "Mozharov, Mikhail"]
[Black "Vastrukhin, Oleg"]
[Result "1-0"]
[WhiteTitle "GM"]
[BlackTitle "IM"]
[WhiteElo "2558"]
[BlackElo "2428"]
[WhiteFideId "4189825"]
[BlackFideId "4192770"]
[EventDate "2019.12.29"]

1. Nf3 g6 2. c4 Bg7 3. d4 d6 4. Nc3 e5 5. e4 Nc6 6. Bg5 f6 7. Be3 Nh6 8. dxe5
dxe5 9. Qxd8+ Kxd8 10. Rd1+ Bd7 11. c5 Kc8 12. Bc4 Re8 13. O-O Be6 14. Bb5 a6
15. Ba4 Nf7 16. a3 f5 17. b4 f4 18. Bc1 g5 19. Nd5 g4 20. Nd2 Rd8 21. Bb2 h5 22.
Nxf4 exf4 23. Bxg7 Nce5 24. Bb3 Bxb3 25. Nxb3 c6 26. Nd4 a5 27. Ne6 Rd7 28. Nxf4
axb4 29. axb4 Ra4 30. Ra1 Rxa1 31. Rxa1 Rd2 32. Nxh5 Nd3 33. Nf6 Nxf2 34. Rf1
Nd3 35. Nxg4 Nd8 36. h4 Ne6 37. Be5 Re2 38. Bg3 Rxe4 39. Nf6 Re3 40. Kh2 Nd4 41.
h5 Ne2 42. Bd6 Ne5 43. h6 Nf7 44. h7 Re6 45. g4 Nd4 46. g5 Nh8 47. Ng4 Ng6 48.
Rf7 Re2+ 49. Kg3 Re1 50. Kf2 Rh1 51. Rg7 1-0

[Event "Mondiale Lampo FIDE 2019"]
[Site "Mosca"]
[Date "29.12.2019"]
[Round "3.34"]
[White "Pigusov, Evgeny"]
[Black "Svidler, Peter"]
[Result "0-1"]
[WhiteTitle "GM"]
[BlackTitle "GM"]
[WhiteElo "2555"]
[BlackElo "2723"]
[WhiteFideId "4100514"]
[BlackFideId "4102142"]
[EventDate "2019.12.29"]

1. Nf3 g6 2. c4 Bg7 3. d4 Nf6 4. g3 O-O 5. Bg2 d6 6. Nc3 Nc6 7. O-O a6 8. e3 Rb8
9. Qe2 Bd7 10. h3 Re8 11. b3 e5 12. dxe5 dxe5 13. Bb2 Qc8 14. Kh2 e4 15. Nd2 Bf5
16. Nd5 Qd8 17. Rad1 Nxd5 18. Bxg7 Kxg7 19. cxd5 Qxd5 20. Nxe4 Qe5 21. Ng5 Qf6
22. Nf3 Rbd8 23. Rxd8 Rxd8 24. e4 Be6 25. Rc1 Rd7 26. e5 Qf5 27. Qe3 Bd5 28. g4
Qe4 29. Qxe4 Bxe4 30. Ng5 0-1

[Event "Mondiale Lampo FIDE 2019"]
[Site "Mosca"]
[Date "29.12.2019"]
[Round "3.35"]
[White "Duda, Jan-Krzysztof"]
[Black "Sanal, Vahap"]
[Result "1-0"]
[WhiteTitle "GM"]
[BlackTitle "GM"]
[WhiteElo "2758"]
[BlackElo "2549"]
[WhiteFideId "1170546"]
[BlackFideId "6300545"]
[EventDate "2019.12.29"]

1. d4 Nf6 2. c4 e6 3. Nf3 b6 4. Bf4 Bb7 5. e3 g6 6. Nc3 Bg7 7. Be2 O-O 8. O-O d6
9. Qc2 Nbd7 10. h3 Nh5 11. Bh2 f5 12. b4 Qe7 13. Rab1 Rae8 14. c5 Ndf6 15. Nb5
Ne4 16. cxd6 cxd6 17. Nxa7 Bd5 18. Nb5 Rc8 19. Qb2 f4 20. exf4 Nxf4 21. Rbc1
Nxe2+ 22. Qxe2 Qd7 23. a4 Bh6 24. Rxc8 Rxc8 25. Re1 Rf8 26. Ra1 Qc6 27. Nxd6
Nxd6 28. Ne5 Qc3 29. Rd1 Nf5 30. Ng4 Bg7 31. Be5 Qc4 32. Qe1 Qc6 33. Bxg7 Nxg7
34. f3 Qxa4 35. Ra1 Qd7 36. Qe5 Qe7 37. Rc1 Rf5 38. Nh6+ Kf8 39. Rc8+ 1-0

[Event "Mondiale Lampo FIDE 2019"]
[Site "Mosca"]
[Date "29.12.2019"]
[Round "3.36"]
[White "Aravindh, Chithambaram VR."]
[Black "Giri, Anish"]
[Result "1-0"]
[WhiteTitle "GM"]
[BlackTitle "GM"]
[WhiteElo "2605"]
[BlackElo "2769"]
[WhiteFideId "5072786"]
[BlackFideId "24116068"]
[EventDate "2019.12.29"]

1. d4 Nf6 2. c4 e6 3. Nf3 d5 4. Bg5 h6 5. Bxf6 Qxf6 6. e3 g6 7. Nbd2 Bg7 8. Bd3
Qe7 9. O-O O-O 10. Rc1 c6 11. Ne5 dxc4 12. Ndxc4 c5 13. Bxg6 fxg6 14. Nxg6 Qf6
15. Nxf8 Qxf8 16. dxc5 Nc6 17. Nd6 Bd7 18. b4 Nxb4 19. Qb3 a5 20. a3 Nc6 21.
Rfd1 a4 22. Qxb7 Ra7 23. Qb1 Ne5 24. Qb6 Qa8 25. c6 Nxc6 26. Nc4 Rb7 27. Qc5 Bf8
28. Qh5 Be8 29. Qg4+ Rg7 30. Qxe6+ Bf7 31. Qe4 Bg6 32. Qf3 Qa6 33. Qd5+ Bf7 34.
Qe4 Rg6 35. Ne5 Nxe5 36. Qxe5 Qb7 37. e4 Re6 38. Qd5 Qb8 39. Qd7 Re8 40. Rc7 Re7
41. Qg4+ Kh8 42. Rc8 1-0

[Event "Mondiale Lampo FIDE 2019"]
[Site "Mosca"]
[Date "29.12.2019"]
[Round "3.37"]
[White "Le, Quang Liem"]
[Black "Timofeev, Artyom"]
[Result "0-1"]
[WhiteTitle "GM"]
[BlackTitle "GM"]
[WhiteElo "2713"]
[BlackElo "2588"]
[WhiteFideId "12401137"]
[BlackFideId "4140419"]
[EventDate "2019.12.29"]

1. d4 d5 2. c4 e6 3. Nf3 Nf6 4. g3 g6 5. Bg2 Bg7 6. O-O O-O 7. Qc2 b6 8. cxd5
exd5 9. Bf4 c5 10. Rd1 Bf5 11. Qc1 Nbd7 12. Nc3 Qe7 13. Ne5 Rac8 14. Nxd7 Bxd7
15. Be5 Be6 16. dxc5 Rxc5 17. Bd4 Rcc8 18. Qe3 Rfd8 19. h3 Qb4 20. Qd2 Ne4 21.
Nxe4 Qxd2 22. Nf6+ Bxf6 23. Rxd2 Bxd4 24. Rxd4 Rc2 25. e4 Rxb2 26. exd5 Bd7 27.
a4 Rc8 28. Re1 Kf8 29. d6 Be6 30. Bd5 0-1

[Event "Mondiale Lampo FIDE 2019"]
[Site "Mosca"]
[Date "29.12.2019"]
[Round "3.38"]
[White "Rakhmanov, Aleksandr"]
[Black "Vachier-Lagrave, Maxime"]
[Result "1-0"]
[WhiteTitle "GM"]
[BlackTitle "GM"]
[WhiteElo "2645"]
[BlackElo "2780"]
[WhiteFideId "4173708"]
[BlackFideId "623539"]
[EventDate "2019.12.29"]

1. d4 Nf6 2. c4 b6 3. Nc3 Bb7 4. e3 g6 5. Nf3 Bg7 6. Bd3 O-O 7. O-O e6 8. b3 d6
9. Bb2 Nbd7 10. Qe2 c5 11. Rad1 Qe7 12. Rfe1 a6 13. h3 Rac8 14. Bb1 Rfd8 15. Rd2
cxd4 16. Nxd4 Nc5 17. Red1 Nce4 18. Nxe4 Nxe4 19. Bxe4 Bxe4 20. Nf3 Bxb2 21.
Rxb2 Bb7 22. Rbd2 Qc7 23. Nd4 d5 24. cxd5 Rxd5 25. Nf3 a5 26. Rxd5 Bxd5 27. Ne1
Qe7 28. Qb2 Qg5 29. Rc1 Rd8 30. Rd1 Ra8 31. Qd4 Rb8 32. Rc1 Qe7 33. Nd3 Ba8 34.
Qe5 Rd8 35. Rc7 Qe8 36. Nf4 Rd7 37. Rxd7 Qxd7 38. Qb8+ 1-0